[Event "Club 608 Online 1 - Open A (-2200)"]
[Date "2021.04.10"]
[Round "1.4"]
[White "Thevenon, Thomas"]
[Black "Dia, Hussein"]
[Result "0-1"]
[BlackElo "1849"]
[WhiteCountry "FRA"]
[WhiteElo "1632"]
[WhiteFideId "551008645"]

{Clock started by Black.} 1. e4 {[%clk 0:50:06.2]} d6 {[%clk 0:50:02.3]} 2. d4 {[%clk 0:48:34.9]} Nf6 {[%clk 0:49:55.9]} 3. Bd3 {[%clk 0:46:19.2]} g6 {[%clk 0:49:29.0]} 4. b3 {[%clk 0:44:56.4]} Bg7 {[%clk 0:48:03.3]} 5. Bb2 {[%clk 0:45:00.8]} 0-0 {[%clk 0:46:20.9]} 6. Nd2 {[%clk 0:42:51.2]} Nc6 {[%clk 0:43:38.7]} 7. a3 {[%clk 0:40:03.5]} e5 {[%clk 0:41:54.8]} 8. Ne2 {[%clk 0:38:00.2]} exd4 {[%clk 0:37:12.8]} 9. Nxd4 {[%clk 0:37:41.9]} Bd7 {[%clk 0:34:40.0]} 10. 0-0 {[%clk 0:36:08.2]} Nxd4 {[%clk 0:27:04.0]} 11. Bxd4 {[%clk 0:35:29.5]} Bc6 {[%clk 0:24:45.6]} 12. Rb1 {[%clk 0:28:20.8]} Re8 {[%clk 0:24:08.2]} 13. f3 {[%clk 0:26:42.0]} Nxe4 {[%clk 0:20:27.9]} 14. Bxg7 {[%clk 0:23:35.4]} Nxd2 {[%clk 0:20:27.7]} 15. Qxd2 {[%clk 0:22:41.6]} Kxg7 {[%clk 0:20:25.1]} 16. b4 {[%clk 0:20:40.5]} Qf6 {[%clk 0:17:49.2]} 17. Bc4 {[%clk 0:19:32.7]} Re5 {[%clk 0:12:37.5]} 18. Rbd1 {[%clk 0:15:06.8]} Rae8 {[%clk 0:12:18.3]} 19. Qd4 {[%clk 0:13:18.7]} a6 {[%clk 0:10:45.7]} 20. Kf2 {[%clk 0:11:15.1]} b5 {[%clk 0:06:41.3]} 21. Bd3 {[%clk 0:09:48.9]} Rh5 {[%clk 0:04:54.5]} 22. Qxf6+ {[%clk 0:07:20.7]} Kxf6 {[%clk 0:05:00.8]} 23. h3 {[%clk 0:07:18.3]} Rhe5 {[%clk 0:04:48.2]} 24. Rd2 {[%clk 0:06:28.1]} h5 {[%clk 0:04:23.6]} 25. Rfd1 {[%clk 0:05:36.2]} Bd7 {[%clk 0:03:14.7]} 26. Be4 {[%clk 0:05:03.3]} Bf5 {[%clk 0:02:32.5]} 27. Bc6 {[%clk 0:04:31.3]} Rb8 {[%clk 0:02:08.7]} 28. g4 {[%clk 0:03:42.8]} hxg4 {[%clk 0:02:13.9]} 29. hxg4 {[%clk 0:03:48.6]} Bc8 {[%clk 0:02:15.9]} 30. Rh1 {[%clk 0:03:38.0]} Bb7 {[%clk 0:02:00.3]} 31. Bxb7 {[%clk 0:03:39.4]} Rxb7 {[%clk 0:02:08.2]} 32. Rh8 {[%clk 0:03:26.6]} Ke7 {[%clk 0:02:04.5]} 33. Rd1 {[%clk 0:02:36.1]} c5 {[%clk 0:02:03.7]} 34. f4 {[%clk 0:02:15.1]} Re4 {[%clk 0:01:57.9]} 35. Kf3 {[%clk 0:02:23.8]} Rc4 {[%clk 0:02:05.8]} 36. bxc5 {[%clk 0:01:48.8]} dxc5 {[%clk 0:02:08.1]} 37. Re1+ {[%clk 0:01:26.7]} Kd6 {[%clk 0:02:00.9]} 38. Rd1+ {[%clk 0:01:03.4]} Kc6 {[%clk 0:01:45.6]} 39. Rhd8 {[%clk 0:00:10.6]} Rc3+ {[%clk 0:01:20.4]} 40. R1d3 {[%clk 0:00:12.6]} Rxd3+ {[%clk 0:01:27.0]} 41. Rxd3 {[%clk 0:00:20.4]} Rd7 {[%clk 0:01:30.2]} 42. Rxd7 {[%clk 0:00:23.0]} Kxd7 {[%clk 0:01:37.8]} 43. Ke4 {[%clk 0:00:30.6]} Kd6 {[%clk 0:01:40.1]} 44. c3 {[%clk 0:00:30.8]} a5 {[%clk 0:01:46.6]} 45. f5 {[%clk 0:00:17.7]} b4 {[%clk 0:01:53.1]} 46. cxb4 {[%clk 0:00:22.0]} cxb4 {[%clk 0:01:59.8]} 47. axb4 {[%clk 0:00:17.6]} axb4 {[%clk 0:02:07.8]} 48. Kd4 {[%clk 0:00:26.3]} gxf5 {[%clk 0:02:14.0]} 49. gxf5 {[%clk 0:00:34.5]} b3 {[%clk 0:02:20.9]} 50. Kc3 {[%clk 0:00:42.4]} Ke5 {[%clk 0:02:29.2]} 51. Kxb3 {[%clk 0:00:51.5]} Kxf5 {[%clk 0:02:37.8]} 52. Kc2 {[%clk 0:01:00.4]} Ke4 {[%clk 0:02:44.6]} 53. Kd2 {[%clk 0:01:08.1]} Kf3 {[%clk 0:02:51.3]} 54. Kd3 {[%clk 0:01:13.4]} f5 {[%clk 0:02:58.6]} 55. Kd2 {[%clk 0:01:21.0]} f4 {[%clk 0:03:05.8]} 56. Ke1 {[%clk 0:01:25.4]} Kg2 {[%clk 0:03:14.0]} {White Resigned} 0-1

[Event "Club 608 Online 1 - Open C (-1200)"]
[Date "2021.04.10"]
[Round "1.4"]
[White "Descombes, Maëlle"]
[Black "Landoeuer, Jessy"]
[Result "1-0"]
[BlackElo "1009"]
[BlackFideId "551047454"]
[WhiteElo "1099"]

{Clock started by Black.} 1. e4 {[%clk 0:48:25.7]} e5 {[%clk 0:49:56.6]} 2. Nf3 {[%clk 0:42:18.9]} Nc6 {[%clk 0:50:02.3]} 3. Bc4 {[%clk 0:42:22.5]} Bc5 {[%clk 0:50:09.1]} 4. d3 {[%clk 0:42:26.2]} Nf6 {[%clk 0:50:15.5]} 5. Nc3 {[%clk 0:42:30.9]} b6 {[%clk 0:50:08.3]} 6. Bg5 {[%clk 0:42:08.4]} Bb7 {[%clk 0:50:13.4]} 7. 0-0 {[%clk 0:41:52.4]} Qe7 {[%clk 0:50:10.5]} 8. Nb5 {[%clk 0:41:09.2]} Nd4 {[%clk 0:50:04.0]} 9. Nxc7+ {[%clk 0:41:06.7]} Kd8 {[%clk 0:49:49.5]} 10. Nxa8 {[%clk 0:40:59.9]} Bxa8 {[%clk 0:49:53.6]} 11. Re1 {[%clk 0:39:52.6]} Nxf3+ {[%clk 0:49:41.2]} 12. Qxf3 {[%clk 0:39:51.5]} h6 {[%clk 0:48:57.1]} 13. Bh4 {[%clk 0:39:38.8]} g5 {[%clk 0:49:01.9]} 14. Bg3 {[%clk 0:39:36.9]} g4 {[%clk 0:49:09.7]} 15. Qf4 {[%clk 0:39:25.1]} exf4 {[%clk 0:49:17.0]} 16. Bxf4 {[%clk 0:39:32.3]} h5 {[%clk 0:48:59.5]} 17. Bg5 {[%clk 0:39:31.3]} h4 {[%clk 0:49:04.1]} 18. e5 {[%clk 0:39:36.5]} Qf8 {[%clk 0:48:53.6]} 19. Bxf6+ {[%clk 0:39:40.2]} Ke8 {[%clk 0:48:59.2]} 20. e6 {[%clk 0:39:33.1]} Rg8 {[%clk 0:48:52.7]} 21. exf7# {[%clk 0:39:39.0]} 1-0

[Event "Club 608 Online 1 - Open B (-1600)"]
[Date "2021.04.10"]
[Round "1.5"]
[White "Jouandet, Alfons"]
[Black "Solal, Seiler-sar"]
[Result "0-1"]
[BlackElo "1416"]
[WhiteElo "1199"]

{Clock started by Black.} 1. e4 {[%clk 0:50:07.3]} e6 {[%clk 0:50:07.8]} 2. d3 {[%clk 0:49:45.4]} d5 {[%clk 0:50:14.2]} 3. Nd2 {[%clk 0:49:17.0]} Nf6 {[%clk 0:50:08.8]} 4. e5 {[%clk 0:48:28.3]} Nfd7 {[%clk 0:50:03.3]} 5. Ngf3 {[%clk 0:47:59.7]} c5 {[%clk 0:49:49.1]} 6. c3 {[%clk 0:47:26.1]} Nc6 {[%clk 0:49:22.5]} 7. d4 {[%clk 0:47:16.2]} Qb6 {[%clk 0:49:06.8]} 8. Nb3 {[%clk 0:46:39.4]} Be7 {[%clk 0:48:22.5]} 9. Be3 {[%clk 0:45:55.8]} cxd4 {[%clk 0:47:47.9]} 10. Bxd4 {[%clk 0:45:31.9]} Qc7 {[%clk 0:47:46.3]} 11. Qe2 {[%clk 0:44:59.1]} 0-0 {[%clk 0:47:18.1]} 12. 0-0-0 {[%clk 0:44:22.3]} b5 {[%clk 0:46:09.0]} 13. Qxb5 {[%clk 0:43:46.3]} Ncxe5 {[%clk 0:45:48.3]} 14. Nxe5 {[%clk 0:43:14.6]} Nxe5 {[%clk 0:45:52.3]} 15. Qe2 {[%clk 0:43:02.5]} Nc4 {[%clk 0:45:12.7]} 16. Qg4 {[%clk 0:42:25.1]} e5 {[%clk 0:45:05.1]} 17. Qg3 {[%clk 0:41:51.1]} Bd6 {[%clk 0:44:14.9]} 18. Be3 {[%clk 0:41:39.6]} Be6 {[%clk 0:42:48.6]} 19. Bh6 {[%clk 0:41:26.4]} f6 {[%clk 0:42:49.3]} 20. Bxc4 {[%clk 0:41:10.3]} e4 {[%clk 0:42:07.3]} 21. Qxg7+ {[%clk 0:40:23.3]} Qxg7 {[%clk 0:41:59.1]} 22. Bxg7 {[%clk 0:40:28.6]} Kxg7 {[%clk 0:42:07.4]} 23. Bxd5 {[%clk 0:39:59.8]} Bxd5 {[%clk 0:42:00.5]} 24. Rxd5 {[%clk 0:39:47.8]} Bf4+ {[%clk 0:40:33.7]} 25. Kc2 {[%clk 0:39:36.0]} Rf7 {[%clk 0:40:17.9]} 26. Nd4 {[%clk 0:39:28.4]} Kg6 {[%clk 0:39:48.0]} 27. g3 {[%clk 0:39:04.9]} Be5 {[%clk 0:39:15.4]} 28. h4 {[%clk 0:38:41.3]} h5 {[%clk 0:39:02.6]} 29. Re1 {[%clk 0:38:34.4]} Bxd4 {[%clk 0:38:58.6]} 30. cxd4 {[%clk 0:38:24.7]} Rc8+ {[%clk 0:38:36.7]} 31. Rc5 {[%clk 0:38:16.8]} Re8 {[%clk 0:38:22.4]} 32. d5 {[%clk 0:38:08.1]} Rd7 {[%clk 0:36:35.3]} 33. Rd1 {[%clk 0:37:53.6]} Re5 {[%clk 0:36:07.6]} 34. f4 {[%clk 0:37:44.7]} exf3 {[%clk 0:35:58.6]} 35. Rf1 {[%clk 0:37:34.2]} Rf5 {[%clk 0:33:10.3]} 36. Kd3 {[%clk 0:36:47.8]} f2 {[%clk 0:31:17.5]} 37. Ke2 {[%clk 0:36:14.3]} Re7+ {[%clk 0:31:07.7]} 38. Kd2 {[%clk 0:36:14.8]} Re4 {[%clk 0:28:26.9]} 39. a3 {[%clk 0:35:45.6]} Ree5 {[%clk 0:24:24.3]} 40. b4 {[%clk 0:35:27.5]} Kf7 {[%clk 0:23:11.2]} 41. b5 {[%clk 0:35:11.6]} Ke8 {[%clk 0:22:55.5]} 42. a4 {[%clk 0:35:04.0]} Kd7 {[%clk 0:22:53.2]} 43. a5 {[%clk 0:34:50.4]} Kd6 {[%clk 0:22:17.1]} 44. Rc6+ {[%clk 0:34:33.0]} Kxd5 {[%clk 0:22:21.5]} 45. Rc7 {[%clk 0:34:36.4]} Ke4 {[%clk 0:21:46.3]} 46. b6 {[%clk 0:34:17.2]} axb6 {[%clk 0:21:29.8]} 47. axb6 {[%clk 0:34:12.4]} Rb5 {[%clk 0:19:56.4]} 48. b7 {[%clk 0:34:09.8]} Kf3 {[%clk 0:19:20.6]} 49. Rc2 {[%clk 0:33:58.0]} Rxb7 {[%clk 0:18:01.7]} 50. Rcc1 {[%clk 0:33:42.1] White offered a draw.} Rd5+ {[%clk 0:17:25.2]} 51. Kc2 {[%clk 0:33:25.1]} Rc7+ {[%clk 0:17:19.8]} 52. Kb2 {[%clk 0:33:26.2]} Rb5+ {[%clk 0:17:24.5]} 53. Ka2 {[%clk 0:33:33.8]} Ra7# {[%clk 0:17:31.3]} 0-1

[Event "Club 608 Online 1 - Open A (-2200)"]
[Date "2021.04.10"]
[Round "1.5"]
[White "Vu Dinh, Adrien"]
[Black "Pierre Yves, Feldis"]
[Result "1-0"]
[BlackElo "1544"]
[WhiteElo "1816"]

{Clock started by White.} 1. e4 {[%clk 0:50:07.0]} c5 {[%clk 0:44:24.7]} 2. Nc3 {[%clk 0:50:12.2]} a6 {[%clk 0:44:27.0]} 3. f4 {[%clk 0:49:58.2]} Nc6 {[%clk 0:44:20.0]} 4. Nf3 {[%clk 0:50:02.6]} d6 {[%clk 0:44:18.1]} 5. d4 {[%clk 0:50:00.1]} cxd4 {[%clk 0:44:02.2]} 6. Nxd4 {[%clk 0:50:07.4]} Nf6 {[%clk 0:43:43.2]} 7. Nxc6 {[%clk 0:48:15.5]} bxc6 {[%clk 0:43:46.0]} 8. e5 {[%clk 0:48:04.6]} Ng8 {[%clk 0:40:30.8]} 9. Be2 {[%clk 0:47:34.9]} Qc7 {[%clk 0:39:59.6]} 10. exd6 {[%clk 0:47:16.1]} exd6 {[%clk 0:39:59.0]} 11. Be3 {[%clk 0:46:53.7]} Nf6 {[%clk 0:39:59.9]} 12. 0-0 {[%clk 0:46:57.2]} Be7 {[%clk 0:39:58.5]} 13. Bf3 {[%clk 0:46:28.9]} 0-0 {[%clk 0:39:42.4]} 14. Na4 {[%clk 0:45:33.7]} Rb8 {[%clk 0:39:19.1]} 15. Re1 {[%clk 0:44:58.9]} c5 {[%clk 0:38:21.0]} 16. Qe2 {[%clk 0:43:35.6]} Re8 {[%clk 0:38:03.1]} 17. Rad1 {[%clk 0:42:36.6]} Bd7 {[%clk 0:36:48.2]} 18. b3 {[%clk 0:41:32.5]} Bb5 {[%clk 0:35:51.0]} 19. Qd2 {[%clk 0:41:21.0]} c4 {[%clk 0:34:42.0]} 20. Nc3 {[%clk 0:40:19.9]} cxb3 {[%clk 0:34:34.2]} 21. Nxb5 {[%clk 0:39:48.8]} axb5 {[%clk 0:34:38.4]} 22. cxb3 {[%clk 0:39:33.0]} b4 {[%clk 0:33:00.7]} 23. Rc1 {[%clk 0:39:22.5]} Qa5 {[%clk 0:33:01.5]} 24. Bd4 {[%clk 0:38:35.3]} d5 {[%clk 0:32:27.8]} 25. Be5 {[%clk 0:36:39.9]} Rbc8 {[%clk 0:31:30.3]} 26. Rxc8 {[%clk 0:34:30.8]} Rxc8 {[%clk 0:31:31.6]} 27. Rc1 {[%clk 0:34:03.4]} Rxc1+ {[%clk 0:30:45.2]} 28. Qxc1 {[%clk 0:34:07.7]} Qc5+ {[%clk 0:30:38.3]} 29. Qxc5 {[%clk 0:34:14.1]} Bxc5+ {[%clk 0:30:44.2]} 30. Kf1 {[%clk 0:34:22.2]} Ne4 {[%clk 0:30:41.6]} 31. Ke2 {[%clk 0:29:03.5]} f6 {[%clk 0:30:33.6]} 32. Bb2 {[%clk 0:28:44.2]} f5 {[%clk 0:29:30.7]} 33. g4 {[%clk 0:27:48.8]} g6 {[%clk 0:29:36.0]} 34. gxf5 {[%clk 0:27:46.9]} gxf5 {[%clk 0:29:40.5]} 35. Be5 {[%clk 0:23:50.5]} Kf7 {[%clk 0:29:35.8]} 36. Bh5+ {[%clk 0:23:12.1]} Ke6 {[%clk 0:29:34.3]} 37. Be8 {[%clk 0:22:09.1]} Bg1 {[%clk 0:28:07.4]} 38. h3 {[%clk 0:21:23.0]} Bc5 {[%clk 0:28:11.6]} 39. Bc6 {[%clk 0:21:07.9]} Nf2 {[%clk 0:27:24.4]} 40. Bb7 {[%clk 0:20:36.5]} Nxh3 {[%clk 0:26:23.8]} 41. Bc8+ {[%clk 0:20:41.1]} Kf7 {[%clk 0:26:21.6]} 42. Bxf5 {[%clk 0:20:44.0]} Ng1+ {[%clk 0:26:06.3]} 43. Kd3 {[%clk 0:19:43.2]} Nf3 {[%clk 0:26:06.4]} 44. Bb2 {[%clk 0:18:55.6]} h5 {[%clk 0:25:37.7]} 45. Bc8 {[%clk 0:18:35.9]} h4 {[%clk 0:25:22.6]} 46. f5 {[%clk 0:17:19.6]} Ng5 {[%clk 0:24:30.8]} 47. Bb7 {[%clk 0:17:11.2]} h3 {[%clk 0:23:50.4]} 48. Bxd5+ {[%clk 0:17:15.0]} Kf8 {[%clk 0:23:52.6]} 49. Kc4 {[%clk 0:17:09.7]} Bd6 {[%clk 0:23:36.7]} 50. Bd4 {[%clk 0:16:02.6]} Nf7 {[%clk 0:22:38.0]} 51. Kb5 {[%clk 0:14:37.4]} h2 {[%clk 0:22:09.1]} 52. Bc5 {[%clk 0:14:05.2]} Ke7 {[%clk 0:20:41.3]} 53. Bxb4 {[%clk 0:13:46.2]} Bxb4 {[%clk 0:20:24.4]} 54. Kxb4 {[%clk 0:13:52.4]} Kd6 {[%clk 0:20:25.1]} 55. Bg2 {[%clk 0:13:19.3]} Ke5 {[%clk 0:20:07.3]} 56. a4 {[%clk 0:13:09.4]} Ng5 {[%clk 0:19:55.6]} 57. a5 {[%clk 0:13:04.0]} Kf4 {[%clk 0:18:45.6]} 58. a6 {[%clk 0:13:05.6]} {Black Resigned} 1-0

[Event "Club 608 Online 1 - Open C (-1200)"]
[Date "2021.04.10"]
[Round "1.5"]
[White "Lecat Tabet, Nathan"]
[Black "Krebs, Ronan"]
[Result "0-1"]
[BlackElo "1099"]
[WhiteElo "1009"]

{Clock started by Black.} 1. e4 {[%clk 0:50:05.3]} e5 {[%clk 0:50:08.1]} 2. Bc4 {[%clk 0:50:09.0]} Nf6 {[%clk 0:50:15.0]} 3. d4 {[%clk 0:50:13.8]} d6 {[%clk 0:50:19.6]} 4. dxe5 {[%clk 0:50:20.5]} dxe5 {[%clk 0:50:28.0]} 5. Qe2 {[%clk 0:50:26.4]} Nc6 {[%clk 0:50:31.0]} 6. g4 {[%clk 0:50:28.6]} h6 {[%clk 0:50:34.4]} 7. h4 {[%clk 0:50:35.4]} Bc5 {[%clk 0:50:39.3]} 8. g5 {[%clk 0:50:42.2]} hxg5 {[%clk 0:50:45.7]} 9. hxg5 {[%clk 0:50:47.3]} Rxh1 {[%clk 0:50:51.3]} 10. f4 {[%clk 0:50:37.8]} Rxg1+ {[%clk 0:50:49.7]} 11. Qf1 {[%clk 0:50:29.7]} Rxf1+ {[%clk 0:50:55.3]} 12. Kxf1 {[%clk 0:50:37.3]} Qd1+ {[%clk 0:50:55.0]} 13. Kg2 {[%clk 0:50:40.2]} Qxc1 {[%clk 0:50:53.5]} 14. fxe5 {[%clk 0:50:46.7]} Qxc2+ {[%clk 0:50:55.6]} 15. Nd2 {[%clk 0:50:45.2]} Qxd2+ {[%clk 0:50:59.1]} 16. Kf3 {[%clk 0:50:50.2]} Qe3+ {[%clk 0:50:57.2]} 17. Kg2 {[%clk 0:50:49.3]} Qh3# {[%clk 0:51:00.9]} 0-1

[Event "Club 608 Online 1 - Open B (-1600)"]
[Date "2021.04.10"]
[Round "1.6"]
[White "Piquard, Yaroslav"]
[Black "Yu, Matthieu"]
[Result "0-1"]
[BlackElo "1199"]
[WhiteElo "1415"]

{Clock started by Black.} 1. e4 {[%clk 0:49:33.6]} e6 {[%clk 0:50:06.7]} 2. d4 {[%clk 0:49:25.0]} d5 {[%clk 0:50:09.6]} 3. exd5 {[%clk 0:42:50.4]} exd5 {[%clk 0:50:15.9]} 4. Bd3 {[%clk 0:42:53.0]} Bd6 {[%clk 0:50:22.0]} 5. Nf3 {[%clk 0:42:58.8]} Ne7 {[%clk 0:50:28.8]} 6. 0-0 {[%clk 0:43:05.9]} Nbc6 {[%clk 0:50:36.7]} 7. Re1 {[%clk 0:43:11.7]} Bg4 {[%clk 0:50:43.2]} 8. Bg5 {[%clk 0:43:11.5]} f6 {[%clk 0:50:47.7]} 9. Bh4 {[%clk 0:43:17.3]} Nxd4 {[%clk 0:50:35.8]} 10. Nbd2 {[%clk 0:41:40.3]} Qd7 {[%clk 0:50:23.7]} 11. c3 {[%clk 0:41:10.4]} Nf5 {[%clk 0:48:46.5]} 12. Bxf5 {[%clk 0:39:38.0]} Bxf5 {[%clk 0:48:44.8]} 13. Nd4 {[%clk 0:39:41.1]} Bg4 {[%clk 0:48:36.7]} 14. Qb3 {[%clk 0:39:41.8]} 0-0-0 {[%clk 0:48:32.1]} 15. Re3 {[%clk 0:35:35.7]} Nc6 {[%clk 0:48:09.3]} 16. h3 {[%clk 0:33:23.6]} Bh5 {[%clk 0:47:58.2]} 17. Qa4 {[%clk 0:32:11.7]} Nxd4 {[%clk 0:47:37.3]} 18. Qxa7 {[%clk 0:32:09.7]} Nc6 {[%clk 0:47:06.9]} 19. Qa8+ {[%clk 0:32:01.6]} Nb8 {[%clk 0:47:13.9]} 20. Nb3 {[%clk 0:31:55.0]} Rhe8 {[%clk 0:46:50.5]} 21. Na5 {[%clk 0:31:48.3]} Qb5 {[%clk 0:46:45.0]} 22. Rxe8 {[%clk 0:24:31.0]} Rxe8 {[%clk 0:46:33.1]} 23. b4 {[%clk 0:24:33.6]} Be5 {[%clk 0:45:32.2]} 24. a4 {[%clk 0:23:33.5]} Qb6 {[%clk 0:45:08.3]} 25. Rc1 {[%clk 0:23:23.5]} Bf4 {[%clk 0:44:46.2]} 26. Rf1 {[%clk 0:22:34.4]} Be2 {[%clk 0:44:26.5]} 27. Re1 {[%clk 0:22:08.9]} Bd2 {[%clk 0:44:16.6]} 28. Rb1 {[%clk 0:21:19.1]} Bd3 {[%clk 0:43:30.1]} 29. Rb3 {[%clk 0:21:09.1]} Bf4 {[%clk 0:42:12.0]} 30. g3 {[%clk 0:20:57.3]} Re1+ {[%clk 0:42:12.3]} 31. Kh2 {[%clk 0:20:57.7]} Qxf2# {[%clk 0:42:18.9]} 0-1

[Event "Club 608 Online 1 - Open C (-1200)"]
[Date "2021.04.10"]
[Round "1.6"]
[White "Aurélien, Alata"]
[Black "Liu, Louis"]
[Result "1-0"]
[BlackElo "1009"]
[WhiteElo "1061"]

{Black stopped clock for 359 seconds.} 1. d4 {[%clk 0:50:10.0]} d5 {[%clk 0:50:04.7]} 2. c4 {[%clk 0:49:55.0]} c6 {[%clk 0:50:07.0]} 3. Nf3 {[%clk 0:49:58.6]} Nf6 {[%clk 0:50:10.3]} 4. Bf4 {[%clk 0:50:02.7]} e6 {[%clk 0:50:14.0]} 5. h3 {[%clk 0:50:08.1]} Bb4+ {[%clk 0:50:15.7]} 6. Nbd2 {[%clk 0:50:05.1]} 0-0 {[%clk 0:50:19.4]} 7. e3 {[%clk 0:50:02.0]} Nbd7 {[%clk 0:50:20.9]} 8. c5 {[%clk 0:50:03.1]} Re8 {[%clk 0:50:19.7]} 9. a3 {[%clk 0:49:59.4]} Bxd2+ {[%clk 0:50:10.1]} 10. Qxd2 {[%clk 0:50:01.9]} b5 {[%clk 0:50:14.2]} 11. Be2 {[%clk 0:50:03.5]} Bb7 {[%clk 0:50:15.5]} 12. 0-0 {[%clk 0:49:57.4]} Qe7 {[%clk 0:50:09.6]} 13. b4 {[%clk 0:48:33.0]} Ne4 {[%clk 0:50:09.6]} 14. Qc2 {[%clk 0:48:05.5]} Ndf6 {[%clk 0:49:25.1]} 15. Nd2 {[%clk 0:47:16.5]} Rad8 {[%clk 0:49:19.1]} 16. Nxe4 {[%clk 0:47:06.0]} Nxe4 {[%clk 0:49:24.0]} 17. Bd3 {[%clk 0:46:43.6]} Ng5 {[%clk 0:48:49.6]} 18. h4 {[%clk 0:45:33.9]} h6 {[%clk 0:47:43.1]} 19. hxg5 {[%clk 0:44:50.5]} hxg5 {[%clk 0:47:38.3]} 20. Bg3 {[%clk 0:43:41.5]} Qf6 {[%clk 0:47:39.3]} 21. Bh7+ {[%clk 0:42:36.8]} Kf8 {[%clk 0:47:37.2]} 22. Bd6+ {[%clk 0:42:39.7]} Re7 {[%clk 0:47:40.3]} 23. Bxe7+ {[%clk 0:42:37.8]} Kxe7 {[%clk 0:47:47.9]} 24. Bd3 {[%clk 0:42:01.7]} Rh8 {[%clk 0:47:49.8]} 25. f3 {[%clk 0:41:55.9]} Qh6 {[%clk 0:47:42.9]} 26. Kf2 {[%clk 0:41:40.0]} Qh4+ {[%clk 0:47:47.6]} 27. Ke2 {[%clk 0:41:23.6]} g4 {[%clk 0:47:45.4]} 28. Rh1 {[%clk 0:40:01.5]} Qxh1 {[%clk 0:47:07.0]} 29. Rxh1 {[%clk 0:40:00.3]} Rxh1 {[%clk 0:47:12.4]} 30. fxg4 {[%clk 0:39:51.4]} Rh2 {[%clk 0:47:14.5]} 31. Kf3 {[%clk 0:39:52.1]} f6 {[%clk 0:47:15.9]} 32. Kg3 {[%clk 0:39:34.8]} Rh1 {[%clk 0:47:17.4]} 33. Be2 {[%clk 0:38:57.9]} f5 {[%clk 0:47:21.5]} 34. gxf5 {[%clk 0:38:28.5]} exf5 {[%clk 0:47:27.0]} 35. Qxf5 {[%clk 0:38:20.8]} Kd8 {[%clk 0:47:03.8]} 36. Qg5+ {[%clk 0:38:01.0]} Ke8 {[%clk 0:46:56.7]} 37. Bh5+ {[%clk 0:37:29.3]} Kf8 {[%clk 0:46:55.7]} 38. Qd8# {[%clk 0:37:26.2]} 1-0

[Event "Club 608 Online 1 - Open B (-1600)"]
[Date "2021.04.10"]
[Round "1.7"]
[White "Robert, Six"]
[Black "Wu, Clara"]
[Result "0-1"]
[BlackElo "1403"]
[WhiteElo "1187"]

1. e4 {[%clk 0:50:10.0]} c5 {[%clk 0:50:03.5]} 2. Nf3 {[%clk 0:50:17.0]} g6 {[%clk 0:50:09.5]} 3. d4 {[%clk 0:50:19.5]} cxd4 {[%clk 0:50:04.2]} 4. Nxd4 {[%clk 0:50:26.5]} Bg7 {[%clk 0:50:12.0]} 5. Nc3 {[%clk 0:50:31.7]} Nc6 {[%clk 0:50:18.0]} 6. Be3 {[%clk 0:50:37.1] Black stopped clock for 361 seconds.} d6 {[%clk 0:49:55.0]} 7. Bc4 {[%clk 0:50:37.6]} Nf6 {[%clk 0:50:01.0]} 8. a3 {[%clk 0:50:34.6]} 0-0 {[%clk 0:50:01.2]} 9. 0-0 {[%clk 0:50:39.7]} a6 {[%clk 0:50:04.3]} 10. Ba2 {[%clk 0:50:37.4]} Bd7 {[%clk 0:49:57.2]} 11. Qd2 {[%clk 0:50:29.5]} Rc8 {[%clk 0:49:52.5]} 12. Kh1 {[%clk 0:50:02.7]} Ng4 {[%clk 0:49:23.6]} 13. h3 {[%clk 0:49:47.0]} Nxe3 {[%clk 0:49:22.1]} 14. fxe3 {[%clk 0:49:53.4]} Bh6 {[%clk 0:48:30.7]} 15. Qf2 {[%clk 0:49:22.4]} Ne5 {[%clk 0:47:48.8]} 16. Nf3 {[%clk 0:48:30.0]} Nxf3 {[%clk 0:47:32.9]} 17. Qxf3 {[%clk 0:48:32.6]} e6 {[%clk 0:47:23.0]} 18. Rad1 {[%clk 0:47:58.2]} Qb6 {[%clk 0:47:07.4]} 19. Bb3 {[%clk 0:47:21.4]} Bxe3 {[%clk 0:46:02.9]} 20. Rd3 {[%clk 0:46:31.0]} Bh6 {[%clk 0:45:50.8]} 21. Rfd1 {[%clk 0:46:08.9]} Bc6 {[%clk 0:44:08.5]} 22. Rxd6 {[%clk 0:45:32.8]} Qc7 {[%clk 0:44:11.9]} 23. Qd3 {[%clk 0:44:03.2]} Bg7 {[%clk 0:43:29.5]} 24. Qe2 {[%clk 0:43:27.8]} Rfd8 {[%clk 0:43:06.0]} 25. Rxd8+ {[%clk 0:43:23.9]} Rxd8 {[%clk 0:43:13.0]} 26. Rxd8+ {[%clk 0:43:23.4]} Qxd8 {[%clk 0:43:17.7]} 27. Qd3 {[%clk 0:43:13.3]} Qg5 {[%clk 0:43:04.1]} 28. Qd1 {[%clk 0:42:18.9]} Qh4 {[%clk 0:41:29.7]} 29. Qe2 {[%clk 0:41:35.6]} Qg3 {[%clk 0:40:34.2]} 30. Kg1 {[%clk 0:40:03.3]} Bd4+ {[%clk 0:40:15.3]} 31. Kf1 {[%clk 0:39:43.9]} Qf4+ {[%clk 0:39:38.3]} 32. Qf3 {[%clk 0:39:13.6]} Qc1+ {[%clk 0:38:47.0]} 33. Qd1 {[%clk 0:38:57.7]} Bb5+ {[%clk 0:38:32.4]} 34. Ke1 {[%clk 0:38:36.6]} Qe3+ {[%clk 0:38:32.9]} 35. Ne2 {[%clk 0:37:52.0]} Qf2+ {[%clk 0:38:11.4]} 36. Kd2 {[%clk 0:37:31.3]} Be3+ {[%clk 0:37:57.7]} 37. Kc3 {[%clk 0:35:54.9]} Bxe2 {[%clk 0:37:46.1]} 38. Qd8+ {[%clk 0:35:40.4]} Kg7 {[%clk 0:37:52.9]} 39. Qd7 {[%clk 0:35:32.1]} Qe1+ {[%clk 0:37:55.3]} {White Resigned} 0-1